Ādhunikā strīra svāmī-sebā / (Record no. 66703)
[ view plain ]
| 000 -LEADER | |
|---|---|
| fixed length control field | 00671cam a22002414a 4500 |
| 001 - CONTROL NUMBER | |
| control field | sa 65010385 |
| 003 - CONTROL NUMBER IDENTIFIER | |
| control field | DLC |
| 005 - DATE AND TIME OF LATEST TRANSACTION | |
| control field | 20260227112208.0 |
| 008 - FIXED-LENGTH DATA ELEMENTS--GENERAL INFORMATION | |
| fixed length control field | 941020s1963 bg a 000 0 beno |
| 010 ## - LIBRARY OF CONGRESS CONTROL NUMBER | |
| LC control number | sa 65010385 |
| 025 ## - OVERSEAS ACQUISITION NUMBER | |
| Overseas acquisition number | PL480:EP-B-844 |
| 035 ## - SYSTEM CONTROL NUMBER | |
| System control number | (OCoLC)31322424 |
| 040 ## - CATALOGING SOURCE | |
| Original cataloging agency | DLC |
| Transcribing agency | DLC |
| 043 ## - GEOGRAPHIC AREA CODE | |
| Geographic area code | a-bg--- |
| 050 00 - LIBRARY OF CONGRESS CALL NUMBER | |
| Classification number | HQ743 |
| Item number | .J35 1963 |
| 100 0# - MAIN ENTRY--PERSONAL NAME | |
| Personal name | Jasīma Uddīna. |
| 245 10 - TITLE STATEMENT | |
| Title | Ādhunikā strīra svāmī-sebā / |
| Statement of responsibility, etc. | Jasīma Uddīna. |
| 260 ## - PUBLICATION, DISTRIBUTION, ETC. | |
| Place of publication, distribution, etc. | Ḍhākā : |
| Name of publisher, distributor, etc. | Bulabula Sāhitya Kuṭira, |
| Date of publication, distribution, etc. | 1963. |
| 300 ## - PHYSICAL DESCRIPTION | |
| Extent | 132 p. : |
| Other physical details | ill. ; |
| Dimensions | 19 cm. |
| 546 ## - LANGUAGE NOTE | |
| Language note | In Bengali. |
| 650 #0 - SUBJECT ADDED ENTRY--TOPICAL TERM | |
| Topical term or geographic name entry element | Marriage counseling |
| Geographic subdivision | Bangladesh. |
| 650 #0 - SUBJECT ADDED ENTRY--TOPICAL TERM | |
| Topical term or geographic name entry element | Wives |
| Geographic subdivision | Bangladesh. |
No items available.